| 000 | 00835nam a2200241Ia 4500 | ||
|---|---|---|---|
| 008 | 130821s2004 xxk gr eng | ||
| 020 | _a1 84376 645 0 | ||
| 040 |
_aCo-BoUCM _bspa |
||
| 041 | 0 | 0 | _aeng |
| 245 | 0 | 0 |
_aNew perspectives on economic crime _cHans Sjögren y Göran Skogh, editores |
| 260 |
_aCheltenham (Reino Unido) _bE. Elgar _c2004 |
||
| 300 | _avii, 168 páginas | ||
| 490 | 0 | _aNew horizons in law and economics | |
| 504 | _aIncluye referencias bibliográficas e índice. | ||
| 650 |
_aDelitos comerciales _912566 |
||
| 650 |
_aDelitos de cuello blanco _912589 |
||
| 650 |
_aDerecho penal _912805 |
||
| 650 |
_aDerecho y economía _912841 |
||
| 700 | 1 |
_aSjögren, Hans _eeditor |
|
| 700 | 1 |
_aSkogh, Göran _eeditor |
|
| 942 |
_cLIBRORESER _2DEWEY _a8 _e1 _h364.168 _mN532 |
||
| 999 |
_c75234 _d75234 |
||